00633nam a22001817a 450000500170000001000150001702000260003203500140005803700130007208200100008510000180009524500700011326000420018327000580022530000260028350501240030970000180043320220727124335.0 aENG-134045 a9789381724309c320.00 aEN-117577 bDBAD/PUB a153.1 aSivakumar, D. aPsycholgy of Learners and Learning/cD. Shivakumar & C. Perundevi aSalembSamyukdha Publicationsc636004 a1/51, Perumal Kovil street, SwarnapuribSaleme636004 axii;265p.:c23cm(Pbk) a1. Child Development and Pedagogy 2. Language I (Tamil) 3.Language II (English) 4. Mathematics 5. Environmental Studies aPerundevi, C.